LEADER 01434nam a2200325 a 4500 001 000000123644 003 CaOOAMICUS 005 20101103135123.0 008 101103t1995 it d u000 u ita r 020 $a88-86088-64-7 040 $aPUL$bita 082 04$a302.2 100 1 $aPilati, Antonio.$0(OLS)http://pul/name/77923 245 10$aDall'alfabeto alle reti :$bper una storia evolutiva della comunicazione /$cAntonio Pilati ; prefazione di Pierre Musso ; postfazione di Giulio Sapelli. 260 $aRoma :$bSEAM,$c©1995. 300 $a249 p. :$bgrafici ;$c21 cm. 490 1 $aMedia studies ;$v1 504 $aInclude riferimenti bibliografici ed indice. 650 4$aComunicazione.$0(OLS)http://pul/subject/4540 700 1 $aMusso, Pierre.$0(OLS)http://pul/name/77924 700 1 $aSapelli, Giulio,$d1947-$0(OLS)http://pul/name/39767 830 0$aMedia studies ;$v1.$0(OLS)http://pul/title/155848 850 $aPUL 852 $aPUL$W1$xSL Diritto e Scienze Sociali 3$y79$m302. 2 PILAN 1$j142355$qDDC 21$B141318$CPULBib$Z2$F141318 $H115009 $82 941 1 $a9 996 $6020$a88-86088-64-7$9(OLS)http://pul/number/145832 996 $6082$a302.2$9(OLS)http://pul/classification/1735 996 $6245$aDall'alfabeto alle reti :$bper una storia evolutiva della comunicazione$9(OLS)http://pul/title/155847 996 $6260$aRoma :$bSEAM$9(OLS)http://pul/publisher/61892 LEADER 01357nam a2200325 a 4500 001 000000158167 003 CaOOAMICUS 005 20170125091633.0 008 170125s2016 it u000 u ita r 020 $a978-88-581-2617-2* 032 $aLibriCat 040 $aPUL$bita 082 04$a261.8 100 1 $aValerio, Adriana,$d1952-$0(OLS)http://pul/name/31147 245 13$aIl potere delle donne nella Chiesa :$bGiuditta, Chiara e le altre /$cAdriana Valerio. 260 $aRoma ;$aBari :$bLaterza,$c©2016. 300 $aX, 148 p. ;$c22 cm. 490 1 $aStoria e societą 500 $aInclude indice e bibliografia di riferimento. 650 4$aChiesa e societą.$0(OLS)http://pul/subject/2506 650 4$aDonna e Chiesa.$0(OLS)http://pul/subject/44116 830 0$aStoria e societą (Laterza).$0(OLS)http://pul/title/761 850 $aPUL 852 $aPUL$W1$xSL Religione 3$y85$m261. 8 VALAD 1$j181504$qDDC 21$B184645$CPULBib$Z2$F184645 $H128745 $81 941 1 $a9 996 $6020$a978-88-581-2617-2*$9(OLS)http://pul/number/161891 996 $6082$a261.8$9(OLS)http://pul/classification/367 996 $6245$aIl potere delle donne nella Chiesa :$bGiuditta, Chiara e le altre$9(OLS)http://pul/title/197780 996 $6260$aRoma ;$aBari :$bLaterza$9(OLS)http://pul/publisher/57682